| 000 | 00393pab a2200169 454500 | ||
|---|---|---|---|
| 008 | 180718b2009 xxu||||| |||| 00| 0 eng d | ||
| 100 | _aCane, Peter | ||
| 245 | _aJudicial review of the age of tribunals | ||
| 260 | _c2009 | ||
| 300 | _ap.479-500. | ||
| 362 | _aJul | ||
| 650 | _aadministrative tribunals | ||
| 650 | _aJudiciary | ||
| 773 | _aPublic Law | ||
| 908 | _aN | ||
| 909 | _a83365 | ||
| 999 |
_c83365 _d83365 |
||